| 000 | 00674nam a2200253Ia 4500 | ||
|---|---|---|---|
| 003 | OSt | ||
| 005 | 20221006144041.0 | ||
| 006 | a|||||r|||| 00| 0 | ||
| 007 | ta | ||
| 008 | 221006b |||||||| |||| 00| 0 eng d | ||
| 020 |
_c _2.00 |
||
| 024 | _a10,743 | ||
| 037 | _cTextual | ||
| 040 |
_aEASL _cEASL _beng |
||
| 041 |
_2eng _aeng |
||
| 082 | _aW691.496.N6, K6 | ||
| 100 | _aRUPEN Robert A | ||
| 245 | 0 | _aMongolian people's republic | |
| 260 |
_aStanford _bStanford University _c1966 |
||
| 300 |
_a74p. _ccm. |
||
| 490 |
_v Oth _aHoover Instituion Studies |
||
| 942 |
_hW691.496.N6, K6 _cTEXL _2CC |
||
| 999 |
_c1078829 _d1078829 |
||